000 01362nam a2200373 i 4500
001 22764
003 KOSZ 005
005 20200424135039.0
008 990506s1983 pl a f |000 0 pol
015 _aPB 1984/2443
035 _a(OCoLC)830252608
040 _aWA N
_cWA N
_dKOSZ 005/HR
046 _k1983
080 _a62-1/-8
080 _a519.863
100 1 _aPogorzelski, Witold
_d(1944- )
_eAutor
245 1 0 _aOptymalizacja układów technicznych i przekształcanie zadania obliczeniowego optymalizacji /
_cWitold Pogorzelski.
260 _aWarszawa :
_bWydawnictwa PW,
_c1983.
300 _a102, [1] s. :
_brys. wykr ;
_c24 cm.
380 _aKsiążki
490 1 _aPrace Naukowe / Politechnika Warszawska. Mechanika,
_x0137-2335 ;
_vz. 82.
504 _aBibliogr. s. 58-96.
546 _aStreszcz. ros., ang.
658 _aInżynieria i technika
650 4 _aProjektowanie
650 4 _aOptymalizacja
650 4 _aZastosowanie i wykorzystanie
650 4 _aModele matematyczne
650 4 _aUrządzenia
710 2 _aWydawnictwa Politechniki Warszawskiej
_4pbl.
830 0 _aPrace Naukowe - Politechnika Warszawska.
_pMechanika,
_vz. 82.
856 _uhttp://koha.tu.koszalin.pl/cgi-bin/koha/opac-detail.pl?biblionumber=22764
_yKatalog online BPK
942 _2UKD
_cKS
999 _c22764
_d22764